Inovatívnosť a jej implementácia v retail manažmente

Gespeichert in:
Bibliographische Detailangaben
1. Verfasser: Dudáš-Pajerská, Erika, 1988-
Weitere Verfasser: Till, Juraj, 1991-
Format: Buchkapitel
Sprache:Slowakisch
Schlagworte:
Tags: Tag hinzufügen
Keine Tags, Fügen Sie das erste Tag hinzu!

MARC

LEADER 00000nla a2200000 4500
001 0233387
005 20240502073806.2
041 0 |a slo 
044 |a SK 
245 1 0 |a Inovatívnosť a jej implementácia v retail manažmente  |c Erika Dudáš-Pajerská, Juraj Till 
500 |a Abstrakt 
610 2 0 |a manažment produktový 
610 2 0 |a prostredie konkurenčné 
610 2 0 |a maloobchod 
610 2 0 |a modernizácia 
610 2 0 |a inovácia 
610 2 0 |a potraviny 
610 2 0 |a správanie spotrebiteľa 
100 1 |a Dudáš-Pajerská, Erika, 1988- 
700 1 |a Till, Juraj, 1991-